Las economías regionales en la Argentina (Registro nro. 4097)

Detalles MARC
000 -LEADER
fixed length control field 01149 a2200241 4500
001 - CONTROL NUMBER
control field 45968
005 - DATE AND TIME OF LATEST TRANSACTION
control field 20260407155733.0
008 - FIXED-LENGTH DATA ELEMENTS--GENERAL INFORMATION
fixed length control field 260407a1996 arg spa d
003 - CONTROL NUMBER IDENTIFIER
control field AR-UNSa-BCEJYS
040 ## - CATALOGING SOURCE
Original cataloging agency AR-UNSa-BCEJYS
Language of cataloging spa
Transcribing agency AR-UNSa-BCEJYS
080 ## - UNIVERSAL DECIMAL CLASSIFICATION NUMBER
Universal Decimal Classification number 332.1
Common auxiliary subdivision Economía regional. Economía territorial
020 ## - INTERNATIONAL STANDARD BOOK NUMBER
International Standard Book Number 950-694-459-8
041 ## - LANGUAGE CODE
Language code of text/sound track or separate title spa
100 1# - MAIN ENTRY--PERSONAL NAME
Personal name Fundación Arcor
245 10 - TITLE STATEMENT
Title Las economías regionales en la Argentina
264 #1 - PRODUCTION, PUBLICATION, DISTRIBUTION, MANUFACTURE, AND COPYRIGHT NOTICE
Place of production, publication, distribution, manufacture Buenos Aires :
Name of producer, publisher, distributor, manufacturer Grupo Editor Latinoamericano
Date of production, publication, distribution, manufacture, or copyright notice 1996
300 ## - PHYSICAL DESCRIPTION
Extent 184 p.
Dimensions 23 cm.
505 ## - FORMATTED CONTENTS NOTE
Formatted contents note 1. Economía regional. Temas relevantes y problemas – 2. Rendimientos decrecientes vs. Rendimientos crecientes. El desarrollo regional a través de la localización de industrias particulares – 3. De la infraestructura al desarrollo regional a través de la localización industrial – 4. Convergencia regional – 5. Resumen y conclusiones. Lecciones de política económica.
590 ## - LOCAL NOTE (RLIN)
Local note niveau_biblio:m niveau_hierar:0
700 1# - ADDED ENTRY--PERSONAL NAME
Personal name Porto, Guido G.
856 41 - ELECTRONIC LOCATION AND ACCESS
Uniform Resource Identifier <a href="https://www.biblioeco.unsa.edu.ar/pmb/images/libros/L127259.jpg">https://www.biblioeco.unsa.edu.ar/pmb/images/libros/L127259.jpg</a>
Link text Imagen de portada
Electronic format type image/jpeg
942 ## - ADDED ENTRY ELEMENTS (KOHA)
Koha item type
Existencias
Withdrawn status Lost status Damaged status Not for loan Home library Current library Shelving location Date acquired Total checkouts Full call number Barcode Date last seen Price effective from Koha item type
        Biblioteca Prof. Eusebio Cleto del Rey Biblioteca Prof. Eusebio Cleto del Rey   07/04/2026   332.1 P839 L127259 07/04/2026 07/04/2026 Libro
        Biblioteca Prof. Eusebio Cleto del Rey Biblioteca Prof. Eusebio Cleto del Rey   07/04/2026   332.1 P839 L128175 07/04/2026 07/04/2026 Libro